000
00299nam a22001337a 4500
008
190227b xxu||||| |||| 00| 0 eng d
020
_a
9780195329520
041
_a
eng
080
_2
3rd
_a
101
100
_a
24
101
_a
FIL
245
_a
Introducing Philosophy
_c
Solomon, R.C
942
_2
udc
_c
BK
999
_c
54378
_d
54378